000 nam a22 7a 4500
999 _c7569
_d7569
008 170921b xxu||||| |||| 00| 0 eng d
020 _a9788183414760
100 _aRohan Book Company
_94085
245 _aTell me how?
260 _aNew Delhi
_bRohan Book Company